logo

Bir Sreshtho Munshi Abdur Rouf Library
Jhenaidah Cadet College

The chemistry of soap / (Record no. 10247)

MARC details
000 -LEADER
fixed length control field 00983nam a22002771 4500
001 - CONTROL NUMBER
JCCL Control Number 10247
003 - CONTROL NUMBER IDENTIFIER
JCCL marc code BD-JhCC
005 - DATE AND TIME OF LATEST TRANSACTION
control field 20180421184934.0
008 - FIXED-LENGTH DATA ELEMENTS--GENERAL INFORMATION
fixed length control field 180421s1968 njua j 000 0 eng
035 ## - SYSTEM CONTROL NUMBER
system control number (BD-JhCC)10247
040 ## - CATALOGING SOURCE
Original cataloging agency DLC
Transcribing agency DLC
Modifying agency DLC
-- BD-JhCC
041 ## - LANGUAGE CODE
Language code of Book eng
050 00 - LIBRARY OF CONGRESS CALL NUMBER
Classification number TP991
Item number .S74
082 00 - DEWEY DECIMAL CLASSIFICATION NUMBER
Classification number 541
Author mark and Year STO 1968
100 1# - MAIN ENTRY--PERSONAL NAME
Personal name Stone, A. Harris.
245 14 - TITLE STATEMENT
Title The chemistry of soap /
Statement of responsibility, etc by A. Harris Stone and Bertram M. Siegel. Illustrated by Peter P. Plasencia.
260 ## - PUBLICATION, DISTRIBUTION, ETC. (IMPRINT)
Place of publication, distribution, etc Englewood Cliffs, N.J. :
Name of publisher, distributor, etc Prentice-Hall,
Date of publication, distribution, etc 1968.
300 ## - PHYSICAL DESCRIPTION
Pagination 64 p.
Other physical details illus.
Dimensions 22 cm.
520 ## - SUMMARY, ETC.
Summary, etc Numerous questions suggest simple experiments which demonstrate the chemical properties of soap, such as its solubility, density, capillarity, and emulsification. Includes glossary.
650 #0 - SUBJECT ADDED ENTRY--TOPICAL TERM
Topical term or geographic name as entry element Soap
General subdivision Juvenile literature.
650 #1 - SUBJECT ADDED ENTRY--TOPICAL TERM
Topical term or geographic name as entry element Soap.
700 1# - ADDED ENTRY--PERSONAL NAME
Personal name Siegel, Bertram M.,
700 1# - ADDED ENTRY--PERSONAL NAME
Personal name Plasencia, Peter P.,
942 ## - ADDED ENTRY ELEMENTS (KOHA)
Source of classification or shelving scheme Dewey Decimal Classification
Koha item type Reference
Holdings
Source of classification or shelving scheme Damaged status Not for loan Home library Current library Shelving location Date of accession Total Checkouts Full call number Barcode Date last seen Copy number Koha item type
Dewey Decimal Classification     JCC Rouf Library JCC Rouf Library General Stacks 04/21/2018   541 STO 1968 11149 04/21/2018 C-1 Reference

JCC Library | Contacts | JCC Home

Last Update on 23 September 2017
Copyright @ 2017-2020 JCC Rouf Library
Rouf Library, Jhenidah Cadet College (JCC), Bangladesh